La industria del hierro en Chile
Na minha lista:
| Autor principal: | |
|---|---|
| Formato: | Livro |
| Idioma: | espanhol |
| Publicado em: |
Santiago, Chile
Cámara Chilena de la Construcción
2012
|
| Colecção: | Biblioteca Fundamentos de la Construcción de Chile,
67 |
| Assuntos: | |
| Tags: |
Adicionar Tag
Sem tags, seja o primeiro a adicionar uma tag!
|
MARC
| LEADER | 00000cam a2200000 a 4500 | ||
|---|---|---|---|
| 001 | UCF2539 | ||
| 003 | CL-VaPUC | ||
| 005 | 20201106001620.0 | ||
| 008 | 120824e20120000CL |||||||||||||||||spa|d | ||
| 999 | |c 349088 |d 349086 | ||
| 020 | |a 9789568306823 | ||
| 040 | |c Pontificia Universidad Católica de Valparaíso | ||
| 082 | 0 | 4 | |a 672.0983 VAT 2012 |2 21 |
| 100 | 0 | |a Vattier, Carlos |e author |9 564217 | |
| 245 | 1 | 3 | |a La industria del hierro en Chile |
| 260 | |a Santiago, Chile |b Cámara Chilena de la Construcción |c 2012 | ||
| 300 | |a 223 páginas | ||
| 490 | 0 | |a Biblioteca Fundamentos de la Construcción de Chile, |v 67 | |
| 583 | |a last modification |c 20120824 12:41:00 |k Rodrigo Vera | ||
| 650 | 7 | |a HIERRO |2 CL-VaPUC |9 357538 |z CHILE | |
| 650 | 7 | |a INDUSTRIA DEL HIERRO |2 CL-VaPUC |9 564218 |z CHILE | |
| 650 | 0 | |a Historia de Chile |x INDUSTRIA MINERA |9 265473 | |
| 852 | |a BIBCUR | ||
| 942 | |c BK |2 ddc | ||
| 945 | |d 20120824 00:00:00 |a dcastane | ||
| 952 | |0 0 |1 0 |2 ddc |4 0 |6 672_098300000000000_VAT_2012 |7 0 |8 A |9 451482 |a BIBHIS |b BIBHIS |d 2019-11-22 |i 4895118 |o 672.0983 VAT 2012 |p 4895118 |r 2025-01-20 |t 1 |w 2019-11-22 |y BK |k HIS | ||